000 00362nam a2200145Ia 4500
008 240624s9999 xx 000 0 und d
041 _aeng
082 _a658.8 GUN
100 _aGUNELIUS SUSAN
245 _aCONTENT MARKETING FOR DUMMIES
250 _a11
260 _c2011
_aCanada
_bJohn Wiley & Sons
300 _axiv, : 346 : p. : cm. ; 23
365 _c
_b27
999 _c17813
_d17813